Thermal characterization of polymeric materials /

Bibliographic Details
Other Authors: Turi, Edith A.
Format: Book
Language:English
Published: New York : Academic Press, 1981.
Subjects:

MARC

Tag First Indicator Second Indicator Subfields
LEADER 00000pam a2200000 a 4500
001 in00000082336
005 20151008061134.0
008 811005s1981 nyua b 00100 eng
010 |a  81017578  
020 |a 0127037802 
035 |a (OCoLC)07924829 
035 |9 AAJ7388AM 
039 0 |a 2  |b 3  |c 3  |d 3  |e 3 
040 |a DLC  |c DLC  |d TXA  |d UtOrBLW 
049 |a TXAM  |c [1443136] 
050 0 0 |a TA455.P58  |b T5 
082 0 |a 620.1/9204296  |2 19 
245 0 0 |a Thermal characterization of polymeric materials /  |c edited by Edith A. Turi. 
264 1 |a New York :  |b Academic Press,  |c 1981. 
300 |a xiv, 972 pages :  |b illustrations ;  |c 24 cm. 
336 |a text  |b txt  |2 rdacontent 
337 |a unmediated  |b n  |2 rdamedia 
338 |a volume  |b nc  |2 rdacarrier 
504 |a Includes bibliographies and indexes. 
650 0 |a Polymers  |x Thermal properties. 
700 1 |a Turi, Edith A. 
999 |a MARS 
999 f f |s fd349f7f-3ef1-3265-b223-c57a0229fd69  |i 5427820d-679d-3dae-907d-a64b36c69263  |t 0 
952 f f |p ric  |a Texas A&M University  |b Rellis Campus  |c Joint Library Facility  |d Remote Storage  |t 0  |e TA455.P58 T5  |h Library of Congress classification  |i unmediated -- volume  |m A14806242843 
998 f f |a TA455.P58 T5  |t 0  |l Remote Storage